[Event "5. Lovsprings EMT Basis 2 1993"]
[Site "Ringsted"]
[Date "1993.05.16"]
[Round "7"]
[White "Kronow, Jacob"]
[Black "Jensen, Dan Bronnum"]
[Result "1/2-1/2"]
[WhiteElo "1610"]
[BlackElo "1600"]
[PlyCount "52"]
[EventDate "1993.??.??"]
[SourceDate "2016.09.02"]

1. d4 Nf6 2. c4 e5 3. dxe5 Ng4 4. Nf3 Nc6 5. Bf4 Bb4+ 6. Nbd2 Qe7 7. a3 Ngxe5
8. Nxe5 Nxe5 9. Bxe5 Bxd2+ 10. Qxd2 Qxe5 11. e3 Qg5 12. Qd5 Qxd5 13. cxd5 O-O
14. Rc1 c6 15. Be2 Re8 16. O-O Re5 17. Rfd1 cxd5 18. Rc5 d6 19. Rcxd5 Rxd5 20.
Rxd5 Be6 21. Rxd6 Rc8 22. Kf1 g6 23. Ke1 Rc2 24. Rd2 Rc1+ 25. Rd1 Rc2 26. Rd2
Rc1+ 1/2-1/2

[Event "5. Lovsprings EMT Basis 2 1993"]
[Site "Ringsted"]
[Date "1993.05.16"]
[Round "7"]
[White "Majlinder, Hans"]
[Black "Kjeldsen, Leif"]
[Result "1-0"]
[WhiteElo "1522"]
[BlackElo "1543"]
[PlyCount "23"]
[EventDate "1993.??.??"]
[SourceDate "2016.09.02"]

1. e4 e5 2. Nf3 Nc6 3. Bc4 Bc5 4. d3 Nf6 5. Be3 Bb6 6. Nbd2 d6 7. h3 Qe7 8. Ng5
O-O 9. O-O h6 10. Ngf3 Nd8 11. Nh4 Nxe4 12. Ng6 1-0

[Event "5. Lovsprings EMT Basis 3 1993"]
[Site "Ringsted"]
[Date "1993.04.23"]
[Round "4"]
[White "Hansen, Erik"]
[Black "Madsen, Tino"]
[Result "1/2-1/2"]
[WhiteElo "1417"]
[BlackElo "1458"]
[PlyCount "87"]
[EventDate "1993.??.??"]
[SourceDate "2016.09.02"]

1. e4 e5 2. Nf3 Nc6 3. Bb5 Bc5 4. O-O Nd4 5. Nxd4 Bxd4 6. c3 Bb6 7. d4 c6 8.
Bc4 d6 9. dxe5 dxe5 10. Qxd8+ Bxd8 11. Be3 Nf6 12. f3 O-O 13. Rd1 Be7 14. Nd2
b5 15. Bb3 a6 16. a3 Nd7 17. Ba2 Bc5 18. Bxc5 Nxc5 19. Nb3 Nb7 20. Rd2 Be6 21.
Rad1 Rfd8 22. Rxd8+ Rxd8 23. Rxd8+ Nxd8 24. Nc1 Kf8 25. Bxe6 Nxe6 26. Nd3 f6
27. b4 Ke7 28. Kf2 Kd6 29. Ke3 c5 30. Nb2 cxb4 31. axb4 Nd8 32. Kd3 Nb7 33. c4
Kc6 34. Kc3 bxc4 35. Nxc4 Nd6 36. Nxd6 Kxd6 37. Kc4 Kc6 38. h4 h5 39. g3 g5 40.
Kc3 gxh4 41. gxh4 Kb5 42. Kb3 Kc6 43. Kc4 Kb6 44. Kc3 1/2-1/2

[Event "5. Lovsprings EMT Basis 3 1993"]
[Site "Ringsted"]
[Date "1993.04.23"]
[Round "4"]
[White "Kristensen, Benny"]
[Black "Sorensen, Rasmus Moller"]
[Result "0-1"]
[WhiteElo "1369"]
[BlackElo "1235"]
[PlyCount "82"]
[EventDate "1993.??.??"]
[SourceDate "2016.09.02"]

1. e4 e5 2. Nf3 Nc6 3. Bb5 d6 4. d4 exd4 5. Nxd4 Bd7 6. Nc3 g6 7. O-O Bg7 8.
Be3 a6 9. Bxc6 bxc6 10. Qd3 Qh4 11. Rad1 Ne7 12. Nf3 Qh5 13. Bg5 f6 14. Bh4 Bg4
15. Bg3 Bxf3 16. gxf3 O-O 17. Qc4+ Kh8 18. Ne2 f5 19. Nf4 Qxf3 20. Ne6 f4 21.
Rd3 Qg4 22. f3 Qh3 23. Nxf4 Qd7 24. Ne6 Rf6 25. Nxg7 Kxg7 26. Qd4 Kf7 27. e5
Nf5 28. Qf4 Re6 29. Rfd1 d5 30. c4 Rae8 31. cxd5 Rxe5 32. Qc4 Nxg3 33. dxc6+
Qe6 34. Rd7+ Kf6 35. Qf4+ Nf5 36. Rxc7 Re1+ 37. Rxe1 Qxe1+ 38. Kg2 Re2+ 39. Kh3
Qf1+ 40. Kg4 Rg2+ 41. Kh3 Rg5# 0-1

[Event "5. Lovsprings EMT Basis 3 1993"]
[Site "Ringsted"]
[Date "1993.04.23"]
[Round "4"]
[White "Sorensen, Tommy"]
[Black "Svava, Mogens"]
[Result "0-1"]
[WhiteElo "1383"]
[BlackElo "1432"]
[PlyCount "106"]
[EventDate "1993.??.??"]
[SourceDate "2016.09.02"]

1. e4 c5 2. Nf3 Nc6 3. d4 cxd4 4. Nxd4 e6 5. Be2 Qa5+ 6. c3 Qe5 7. Nxc6 bxc6 8.
Qd4 Qxd4 9. cxd4 Bb4+ 10. Nd2 Nf6 11. Bd3 O-O 12. O-O d5 13. e5 Nd7 14. a3 Be7
15. f4 a5 16. Nf3 Ba6 17. Rd1 c5 18. Be3 Bxd3 19. Rxd3 c4 20. Rc3 Rfb8 21. Rb1
Rb7 22. Bc1 Rab8 23. Nd2 a4 24. Kf2 Nb6 25. Ke3 Na8 26. Nxc4 dxc4 27. Rxc4 Rb3+
28. Ke4 Nb6 29. Rc3 Nd5 30. Rxb3 Rxb3 31. Ra1 Nb6 32. g4 Nc4 33. Ra2 Bd8 34. g5
Ba5 35. d5 Bd2 36. Ra1 exd5+ 37. Kxd5 Ne3+ 38. Ke4 Nc2 39. Rb1 Ba5 40. h4 Bd8
41. Bd2 Be7 42. Bc3 Nxa3 43. Rd1 Nb5 44. f5 Nxc3+ 45. bxc3 Rxc3 46. f6 Bf8 47.
h5 g6 48. h6 Rb3 49. Rd8 Rb4+ 50. Kd5 Rg4 51. e6 Rxg5+ 52. Kc6 fxe6 53. Rd7 Rf5
0-1

[Event "5. Lovsprings EMT Basis 3 1993"]
[Site "Ringsted"]
[Date "1993.04.30"]
[Round "5"]
[White "Mortensen, Orla Lind"]
[Black "Sorensen, Tommy"]
[Result "1-0"]
[WhiteElo "1442"]
[BlackElo "1383"]
[PlyCount "51"]
[EventDate "1993.??.??"]
[SourceDate "2016.09.02"]

1. e4 c5 2. Nf3 d6 3. d4 cxd4 4. Nxd4 Nc6 5. Be3 Nf6 6. Nc3 g6 7. Be2 Bg7 8.
O-O O-O 9. Kh1 Ne5 10. f4 Ned7 11. Nb3 a6 12. a4 Qc7 13. Rb1 b6 14. Bf3 Bb7 15.
Qe2 Rfc8 16. Rf2 Ne8 17. Nd5 Bxd5 18. exd5 Qc4 19. Qd2 Qxa4 20. Ra1 Qc4 21. Nd4
Bxd4 22. Bxd4 Nef6 23. Qe3 Nxd5 24. Qe4 N5f6 25. Bxf6 Nxf6 26. Qxc4 1-0

[Event "5. Lovsprings EMT Basis 3 1993"]
[Site "Ringsted"]
[Date "1993.04.30"]
[Round "5"]
[White "Sorensen, Rasmus Moller"]
[Black "Madsen, Tino"]
[Result "1-0"]
[WhiteElo "1235"]
[BlackElo "1458"]
[PlyCount "93"]
[EventDate "1993.??.??"]
[SourceDate "2016.09.02"]

1. e4 e5 2. Nf3 Nc6 3. Bc4 Nf6 4. Ng5 d5 5. exd5 Na5 6. d3 Nxc4 7. dxc4 Be7 8.
Nf3 O-O 9. Be3 e4 10. Nd4 Qd6 11. c3 Ng4 12. Nd2 Nxe3 13. fxe3 Bh4+ 14. g3
Bxg3+ 15. hxg3 Qxg3+ 16. Kf1 Bh3+ 17. Rxh3 Qxh3+ 18. Ke2 Qg2+ 19. Ke1 f5 20.
Qe2 Qg1+ 21. Nf1 f4 22. Qf2 Qg6 23. Kd2 fxe3+ 24. Qxe3 Qg2+ 25. Ne2 Rxf1 26.
Rxf1 Qxf1 27. Qxe4 Qf7 28. Nd4 Re8 29. Ne6 Re7 30. Qd4 h5 31. Kc2 a6 32. Kb3
Qf6 33. Qa7 c6 34. Qb8+ Kf7 35. Qh8 Rxe6 36. Qxh5+ Qg6 37. dxe6+ Kf6 38. Qh8
Kxe6 39. Qc8+ Kf6 40. Qxb7 Ke5 41. Qxa6 Qe6 42. Qa5+ Kf4 43. Qc7+ Qe5 44. Qxe5+
Kxe5 45. a4 Kd6 46. Kc2 c5 47. Kd3 1-0

[Event "5. Lovsprings EMT Basis 3 1993"]
[Site "Ringsted"]
[Date "1993.04.30"]
[Round "5"]
[White "Svava, Mogens"]
[Black "Hansen, Erik"]
[Result "1/2-1/2"]
[WhiteElo "1432"]
[BlackElo "1417"]
[PlyCount "119"]
[EventDate "1993.??.??"]
[SourceDate "2016.09.02"]

1. d4 Nf6 2. c4 g6 3. Nc3 d5 4. cxd5 Nxd5 5. e4 Nxc3 6. bxc3 Bg7 7. Bb2 O-O 8.
Bc4 c5 9. Ne2 cxd4 10. cxd4 Nc6 11. a3 Qb6 12. Qd2 Rd8 13. Rd1 Ne5 14. Ba2 Bg4
15. Qb4 Qxb4+ 16. axb4 Bxe2 17. Kxe2 Nc6 18. e5 Nxb4 19. Bb3 e6 20. g3 Rac8 21.
Rc1 Nc6 22. Ke3 Rc7 23. Rhd1 Rdc8 24. f4 Na5 25. Ba2 Nc4+ 26. Bxc4 Rxc4 27.
Rxc4 Rxc4 28. Kd3 Rc6 29. Rc1 Rxc1 30. Bxc1 Kf8 31. d5 exd5 32. Kd4 Ke8 33.
Kxd5 Bf8 34. Be3 a6 35. g4 Kd7 36. f5 gxf5 37. gxf5 b5 38. Bd2 Ba3 39. Be3 a5
40. Bd4 a4 41. h3 Bc1 42. Bc5 a3 43. e6+ fxe6+ 44. fxe6+ Ke8 45. Kc6 Bb2 46.
Bxa3 Bxa3 47. Kxb5 Ke7 48. Kc4 Kxe6 49. Kd4 Kf5 50. Ke3 Kg5 51. Kf3 Kh4 52. Kg2
h5 53. Kh2 Bd6+ 54. Kg2 Bg3 55. Kh1 Kxh3 56. Kg1 Bf2+ 57. Kxf2 Kh2 58. Kf3 h4
59. Kf2 h3 60. Kf1 1/2-1/2

[Event "5. Lovsprings EMT Basis 3 1993"]
[Site "Ringsted"]
[Date "1993.05.14"]
[Round "6"]
[White "Hansen, Erik"]
[Black "Sorensen, Rasmus Moller"]
[Result "0-1"]
[WhiteElo "1417"]
[BlackElo "1235"]
[PlyCount "108"]
[EventDate "1993.??.??"]
[SourceDate "2016.09.02"]

1. e4 e5 2. Nf3 d6 3. d4 exd4 4. Qxd4 Bd7 5. Ng5 f6 6. Nf3 Nc6 7. Qd1 Qe7 8.
Nc3 O-O-O 9. Nd4 f5 10. Bb5 fxe4 11. Nxc6 Bxc6 12. Bxc6 bxc6 13. Qd4 c5 14. Qa4
d5 15. Nb5 Qe6 16. Qxa7 Bd6 17. Qa8+ Kd7 18. Qa4 Ke7 19. Nxd6 Qxd6 20. O-O Nf6
21. Qb3 Rhf8 22. Bg5 h6 23. Bh4 Rb8 24. Qa3 Qc6 25. b3 g5 26. Bg3 h5 27. Qc1
Rg8 28. h3 Rbf8 29. f3 h4 30. Bh2 exf3 31. Rxf3 g4 32. Qe3+ Kd7 33. hxg4 Rxg4
34. Rf4 Rfg8 35. Rxg4 Rxg4 36. Rf1 Ne4 37. Qh3 Qe6 38. Rf7+ Ke8 39. Rf4 Rg6 40.
Qxe6+ Rxe6 41. Rxh4 c6 42. Bf4 Nc3 43. Rh6 Ne2+ 44. Kf2 Nxf4 45. Rxe6+ Nxe6 46.
a4 Nd4 47. g4 Nxc2 48. Kg3 Kf7 49. Kf4 d4 50. Ke4 Kf6 51. Kd3 Nb4+ 52. Kd2 Kg5
53. Kd1 Kxg4 54. Kd2 Kf3 0-1

[Event "5. Lovsprings EMT Basis 3 1993"]
[Site "Ringsted"]
[Date "1993.05.14"]
[Round "6"]
[White "Moller, Kurt"]
[Black "Svava, Mogens"]
[Result "1-0"]
[WhiteElo "1362"]
[BlackElo "1432"]
[PlyCount "70"]
[EventDate "1993.??.??"]
[SourceDate "2016.09.02"]

1. d4 d5 2. c4 c6 3. Nf3 dxc4 4. e4 b5 5. a4 Bb7 6. b3 e6 7. bxc4 b4 8. Bd3 a5
9. O-O h6 10. Nbd2 Nf6 11. Bb2 Be7 12. Re1 O-O 13. e5 Nfd7 14. Ne4 Nb6 15. c5
Nd5 16. Bc1 Bc8 17. Nd6 Bd7 18. h3 Na6 19. Nd2 Bxd6 20. cxd6 g6 21. Bxa6 Rxa6
22. Ne4 Kg7 23. g3 Ra7 24. Qg4 f5 25. exf6+ Nxf6 26. Qf4 Ng8 27. Qe5+ Kh7 28.
Kg2 Rf5 29. Ng5+ hxg5 30. Qe3 Rd5 31. h4 Qf8 32. hxg5 Qxd6 33. Rh1+ Kg7 34. Qe4
Be8 35. Qh4 Kf8 1-0

[Event "5. Lovsprings EMT Basis 3 1993"]
[Site "Ringsted"]
[Date "1993.05.16"]
[Round "7"]
[White "Madsen, Tino"]
[Black "Kristensen, Benny"]
[Result "1-0"]
[WhiteElo "1458"]
[BlackElo "1369"]
[PlyCount "47"]
[EventDate "1993.??.??"]
[SourceDate "2016.09.02"]

1. e4 e6 2. d4 d5 3. Nd2 Nf6 4. e5 Nfd7 5. Bd3 c5 6. c3 Nc6 7. Ne2 Be7 8. O-O
Qb6 9. Nf3 O-O 10. Re1 cxd4 11. cxd4 f5 12. exf6 Nxf6 13. Nc3 a6 14. Bb1 Qc7
15. Ng5 e5 16. dxe5 Nxe5 17. Nxd5 Qd6 18. Nxe7+ Qxe7 19. f4 Nfg4 20. Qd5+ Kh8
21. fxe5 Rf2 22. h3 Qb4 23. Qe4 Rxg2+ 24. Kxg2 1-0

[Event "5. Lovsprings EMT Basis 3 1993"]
[Site "Ringsted"]
[Date "1993.05.16"]
[Round "7"]
[White "Mortensen, Martin Lind"]
[Black "Svava, Mogens"]
[Result "1-0"]
[WhiteElo "1316"]
[BlackElo "1432"]
[PlyCount "39"]
[EventDate "1993.??.??"]
[SourceDate "2016.09.02"]

1. e4 c5 2. Nf3 Nc6 3. d4 cxd4 4. Nxd4 e6 5. Nc3 a6 6. Bf4 d6 7. Nb3 h6 8. Be2
Nf6 9. O-O Be7 10. Qd2 e5 11. Be3 b5 12. f3 Bb7 13. Nd5 Nxd5 14. exd5 Nb8 15.
a4 bxa4 16. Rxa4 Qd7 17. Rc4 O-O 18. Bxh6 gxh6 19. Qxh6 Bd8 20. Rg4+ 1-0

[Event "5. Lovsprings EMT Basis 4 1993"]
[Site "Ringsted"]
[Date "1993.04.16"]
[Round "3"]
[White "Krag Jacobsen, Alan"]
[Black "Danielsen, Laurits"]
[Result "1-0"]
[WhiteElo "1188"]
[BlackElo "1196"]
[PlyCount "49"]
[EventDate "1993.??.??"]
[SourceDate "2016.09.02"]

1. d4 Nf6 2. c4 d5 3. cxd5 Nxd5 4. e3 c6 5. Nf3 e6 6. a3 Bd6 7. Bd2 Nd7 8. Bd3
O-O 9. Qc2 f5 10. Nc3 N7f6 11. e4 fxe4 12. Nxe4 Nxe4 13. Bxe4 Nf6 14. Bd3 h6
15. O-O-O Bd7 16. h3 a5 17. g4 g5 18. Rdg1 Rc8 19. Kd1 c5 20. Qb1 Bc6 21. Ke2
Bxf3+ 22. Kxf3 Nd5+ 23. Ke2 cxd4 24. Bh7+ Kh8 25. Be4 1-0

[Event "5. Lovsprings EMT Basis 4 1993"]
[Site "Ringsted"]
[Date "1993.04.16"]
[Round "3"]
[White "Nielsen, Kurt"]
[Black "Lassur, Benjamin"]
[Result "0-1"]
[WhiteElo "1198"]
[BlackElo "1100"]
[PlyCount "98"]
[EventDate "1993.??.??"]
[SourceDate "2016.09.02"]

1. d4 d5 2. c4 dxc4 3. e4 e6 4. Bxc4 Nc6 5. Nf3 Bb4+ 6. Nc3 h6 7. Bb5 Bd7 8.
O-O a6 9. Ba4 Bxc3 10. bxc3 Nge7 11. Be3 O-O 12. Bb3 Ng6 13. d5 exd5 14. Bxd5
Nge7 15. Bb3 Bg4 16. Qe2 Ne5 17. Rad1 Qc8 18. Bf4 Nxf3+ 19. gxf3 Bh3 20. Rfe1
Ng6 21. Bg3 Kh8 22. Bc2 Kh7 23. Qd3 Rd8 24. Qc4 Rxd1 25. Rxd1 Qe6 26. Qxc7 Qxa2
27. Qxb7 Qxc2 28. Qd5 Rc8 29. Qd3 Rxc3 30. Qxc2 Rxc2 31. f4 Rc4 32. f3 f5 33.
e5 Kg8 34. Rd6 Nxf4 35. Bxf4 Rxf4 36. Kf2 Bg4 37. e6 Rxf3+ 38. Ke2 Ra3+ 39. Kd2
Kf8 40. Rd7 Ra2+ 41. Kc3 Rxh2 42. Rf7+ Kg8 43. Ra7 Re2 44. Ra8+ Kh7 45. Re8 f4
46. e7 Bh5 47. Kd3 Bxe8 48. Kxe2 Kg8 49. Kf3 Kf7 0-1

[Event "5. Lovsprings EMT Basis 4 1993"]
[Site "Ringsted"]
[Date "1993.04.23"]
[Round "4"]
[White "Jensen, Finn Anker"]
[Black "Danielsen, Laurits"]
[Result "1/2-1/2"]
[WhiteElo "1136"]
[BlackElo "1196"]
[PlyCount "66"]
[EventDate "1993.??.??"]
[SourceDate "2016.09.02"]

1. c4 g6 2. Nf3 Bg7 3. g3 e6 4. d3 Ne7 5. Nbd2 c5 6. Bg2 d5 7. cxd5 exd5 8. O-O
Nbc6 9. Rb1 Be6 10. Nb3 b6 11. Bd2 O-O 12. e3 c4 13. dxc4 dxc4 14. Na1 Rc8 15.
Qc2 b5 16. e4 f5 17. Rfd1 fxe4 18. Bc3 Qe8 19. Ng5 Bf5 20. Bxe4 h6 21. Bxg7
hxg5 22. Bxf8 Qxf8 23. Bxf5 gxf5 24. a4 a6 25. h3 Ne5 26. Kg2 g4 27. h4 Rc5 28.
Qd2 Qa8+ 29. Kf1 Qh1+ 30. Ke2 Qf3+ 31. Kf1 Qh1+ 32. Ke2 Qf3+ 33. Kf1 Qh1+
1/2-1/2

[Event "5. Lovsprings EMT Basis 4 1993"]
[Site "Ringsted"]
[Date "1993.04.23"]
[Round "4"]
[White "Lassur, Benjamin"]
[Black "Krag Jacobsen, Alan"]
[Result "1/2-1/2"]
[WhiteElo "1100"]
[BlackElo "1188"]
[PlyCount "56"]
[EventDate "1993.??.??"]
[SourceDate "2016.09.02"]

1. e4 e5 2. Nf3 Nc6 3. Bc4 Bc5 4. d3 h6 5. O-O d6 6. h3 Nf6 7. Be3 Bxe3 8. fxe3
b6 9. Nc3 Na5 10. Bb3 Nxb3 11. axb3 Bb7 12. Nh2 Qd7 13. Rf3 Nh7 14. Rg3 Rg8 15.
Ng4 O-O-O 16. Rxa7 Kb8 17. Qa1 Rdf8 18. Nd5 f5 19. Nh2 fxe4 20. dxe4 Nf6 21.
Nxf6 Rxf6 22. Qa4 Qc6 23. Qxc6 Bxc6 24. Ra1 Bxe4 25. c3 h5 26. Ra3 Rg6 27. Rxg6
Bxg6 28. Nf3 Bf5 1/2-1/2

[Event "5. Lovsprings EMT Basis 4 1993"]
[Site "Ringsted"]
[Date "1993.04.30"]
[Round "5"]
[White "Krag Jacobsen, Alan"]
[Black "Jensen, Finn Anker"]
[Result "1/2-1/2"]
[WhiteElo "1188"]
[BlackElo "1136"]
[PlyCount "81"]
[EventDate "1993.??.??"]
[SourceDate "2016.09.02"]

1. d4 Nf6 2. c4 g6 3. Nc3 Bg7 4. e4 d6 5. Nf3 O-O 6. Be2 a6 7. h3 e5 8. d5 Nbd7
9. b4 Re8 10. Be3 Qe7 11. Qd2 Nh5 12. g4 Nf4 13. Bxf4 exf4 14. Bd3 Nf6 15. Rc1
b5 16. cxb5 axb5 17. Kd1 Bxg4 18. hxg4 Nxg4 19. Re1 g5 20. Nxb5 Rec8 21. Qc2
Rab8 22. a3 h5 23. Nxc7 Rb7 24. Nb5 Rxc2 25. Rxc2 h4 26. Rg1 Ne5 27. Rc8+ Kh7
28. Nxg5+ Kh6 29. Nd4 Qxg5 30. Nf5+ Kg6 31. Rxg5+ Kxg5 32. Be2 f3 33. Bf1 f6
34. Nxd6 Ra7 35. Rc3 Kg4 36. Nf5 Bf8 37. b5 h3 38. b6 Rb7 39. Rb3 Nd7 40. Ng3
Bc5 41. Ke1 1/2-1/2

[Event "5. Lovsprings EMT Basis 4 1993"]
[Site "Ringsted"]
[Date "1993.04.30"]
[Round "5"]
[White "Oure, Anders"]
[Black "Nielsen, Kurt"]
[Result "0-1"]
[WhiteElo "1031"]
[BlackElo "1198"]
[PlyCount "34"]
[EventDate "1993.??.??"]
[SourceDate "2016.09.02"]

1. e4 c6 2. Nc3 d5 3. d4 dxe4 4. Nxe4 Bf5 5. Ng3 Bg6 6. Nf3 h6 7. Bd3 Bxd3 8.
Qxd3 e6 9. O-O Nf6 10. Re1 Nbd7 11. Bf4 Qb6 12. b3 Nd5 13. Qd2 Bb4 14. Qc1 Bxe1
15. Nxe1 Qxd4 16. Ne2 Qe4 17. Ng3 Qxf4 0-1

[Event "5. Lovsprings EMT Basis 4 1993"]
[Site "Ringsted"]
[Date "1993.05.14"]
[Round "6"]
[White "Lassur, Benjamin"]
[Black "Danielsen, Laurits"]
[Result "1/2-1/2"]
[WhiteElo "1100"]
[BlackElo "1196"]
[PlyCount "89"]
[EventDate "1993.??.??"]
[SourceDate "2016.09.02"]

1. e4 c5 2. Nc3 Nc6 3. Bb5 Nf6 4. Bxc6 dxc6 5. d3 e5 6. Bg5 h6 7. Bxf6 Qxf6 8.
Qf3 Be7 9. Qxf6 Bxf6 10. O-O-O Be6 11. h3 b5 12. b3 a5 13. a4 b4 14. Nce2 Rd8
15. Nf3 Ke7 16. Ng3 g6 17. Rhf1 h5 18. Ne2 h4 19. Kb2 g5 20. Nd2 g4 21. hxg4
Bxg4 22. f3 Be6 23. Nc4 Bxc4 24. dxc4 Rxd1 25. Rxd1 Bg5 26. Ng1 Rg8 27. Re1 Bf4
28. Re2 Bg3 29. Nh3 f6 30. Kc1 Rd8 31. Rd2 Rd4 32. Rxd4 exd4 33. Kd2 Ke6 34.
Ke2 Ke5 35. Kd3 Bf4 36. Ke2 Be3 37. Kd3 f5 38. exf5 Kxf5 39. Ke2 Ke5 40. Kd3
Bh6 41. Ke2 Kf5 42. Kd3 Bg7 43. Ke2 Be5 44. Kd3 Bd6 45. Ke2 1/2-1/2

[Event "5. Lovsprings EMT Basis 4 1993"]
[Site "Ringsted"]
[Date "1993.05.16"]
[Round "7"]
[White "Danielsen, Laurits"]
[Black "Nielsen, Kurt"]
[Result "0-1"]
[WhiteElo "1196"]
[BlackElo "1198"]
[PlyCount "48"]
[EventDate "1993.??.??"]
[SourceDate "2016.09.02"]

1. e4 c6 2. d4 d5 3. Nc3 dxe4 4. Nxe4 Bf5 5. Bd3 Qxd4 6. Qf3 e6 7. Ne2 Bxe4 8.
Bxe4 Qb6 9. b3 Nf6 10. O-O Nbd7 11. Be3 Bc5 12. Bxc5 Nxc5 13. Ng3 Nfxe4 14.
Nxe4 Nxe4 15. Qxe4 O-O-O 16. Rad1 g6 17. Qe5 Qc7 18. Qf6 Rhg8 19. Rd3 Rxd3 20.
cxd3 Rd8 21. Rd1 e5 22. f3 Re8 23. Rc1 Qd7 24. Rc3 Qd4+ 0-1

[Event "5. Lovsprings EMT Basis 4 1993"]
[Site "Ringsted"]
[Date "1993.05.16"]
[Round "7"]
[White "Krag Jacobsen, Alan"]
[Black "Jacobsen, Niels"]
[Result "1/2-1/2"]
[WhiteElo "1188"]
[BlackElo "1162"]
[PlyCount "59"]
[EventDate "1993.??.??"]
[SourceDate "2016.09.02"]

1. d4 c6 2. c4 d5 3. e3 Nf6 4. Nc3 Bf5 5. cxd5 Nxd5 6. Nxd5 Qxd5 7. Nf3 Be4 8.
Be2 e6 9. a3 Bd6 10. Bd2 Nd7 11. Rc1 Nf6 12. h3 O-O 13. Rc3 Qf5 14. g4 Qd5 15.
Rg1 e5 16. g5 Nd7 17. Bc1 exd4 18. exd4 Rfe8 19. Nd2 Qxd4 20. Nxe4 Qxd1+ 21.
Kxd1 Rxe4 22. Rd3 Bh2 23. Rh1 Nc5 24. Rxh2 Nxd3 25. Bxd3 Rd8 26. Kc2 Red4 27.
Be2 b6 28. Rh1 R8d5 29. Be3 Ra4 30. h4 1/2-1/2

[Event "5. Lovsprings EMT Basis 4 1993"]
[Site "Ringsted"]
[Date "1993.05.16"]
[Round "7"]
[White "Oure, Anders"]
[Black "Lassur, Benjamin"]
[Result "1-0"]
[WhiteElo "1031"]
[BlackElo "1100"]
[PlyCount "87"]
[EventDate "1993.??.??"]
[SourceDate "2016.09.02"]

1. e4 e5 2. Nc3 Nf6 3. Nf3 Nc6 4. Bc4 Bc5 5. h3 O-O 6. O-O d6 7. d3 h6 8. Na4
Bb6 9. a3 Nh7 10. c3 Qf6 11. Nxb6 axb6 12. b4 Qg6 13. Nh4 Qf6 14. Qh5 Qe7 15.
Ng6 Qe8 16. Nxf8 Qxf8 17. f4 Nf6 18. Qg6 Ne7 19. Qg3 exf4 20. Qxf4 Ng6 21. Qg3
Qe7 22. Qxg6 d5 23. Bxd5 Nxd5 24. Qg3 Nxc3 25. Rf2 Qd6 26. Bf4 Qd4 27. Re1 g5
28. Be5 Qd7 29. Bxc3 Rxa3 30. Qe5 Rxc3 31. Qxc3 Qe7 32. Ref1 Be6 33. Rf6 Kh7
34. e5 c5 35. b5 Qc7 36. Qc2 Kg7 37. Qe2 c4 38. dxc4 Bxc4 39. Qh5 Bxf1 40.
Qxh6+ Kg8 41. Qxg5+ Kf8 42. Qh6+ Ke7 43. Qg5 Ke8 44. Qg8+ 1-0

[Event "5. Lovsprings EMT Basis 4 1993"]
[Site "Ringsted"]
[Date "1993.05.16"]
[Round "7"]
[White "Petersen, Bjarne G W"]
[Black "Nielsen, Poul"]
[Result "1-0"]
[WhiteElo "1181"]
[BlackElo "1148"]
[PlyCount "81"]
[EventDate "1993.??.??"]
[SourceDate "2016.09.02"]

1. d4 c6 2. Nf3 d5 3. Bf4 Bf5 4. e3 g6 5. Nbd2 Bg7 6. c4 Nd7 7. cxd5 cxd5 8.
Bb5 a6 9. Bxd7+ Bxd7 10. Rc1 e6 11. O-O Rc8 12. Bg5 Bf6 13. Rxc8 Qxc8 14. e4
Bxg5 15. Nxg5 h6 16. Ngf3 Ne7 17. Ne5 O-O 18. exd5 Nxd5 19. Ndf3 Be8 20. Qd2 g5
21. Ng4 Kg7 22. Nxg5 Rh8 23. Rc1 Qd8 24. Ne4 f5 25. Nc5 Qe7 26. Ne3 Bc6 27. Re1
Qf6 28. Nxd5 Bxd5 29. Re3 f4 30. Rc3 Qg6 31. f3 Rf8 32. Nxb7 Bxa2 33. Rc7+ Rf7
34. Rxf7+ Qxf7 35. Nc5 Bc4 36. Ne4 Qd7 37. b3 Bb5 38. Nc5 Qd5 39. Qxf4 Kh7 40.
Qf7+ Kh8 41. Nxe6 1-0